| 000 | 00993nam a2200229Ia 4500 | ||
|---|---|---|---|
| 001 | 270-CHI su (20603) | ||
| 003 | IT-MiSPE | ||
| 008 | 171229s9999||||xx |||||||||||||| ||und|| | ||
| 040 |
_aIT-MiSPE _cIT-MiSPE |
||
| 041 | _aITALIANO | ||
| 100 | _aJuan María Laboa | ||
| 245 | 0 |
_aLa Chiesa e la sua storia _bIII. L'ultimo mondo antico: Dal 381 al 600 |
|
| 250 | _a1a ed. (v) | ||
| 260 |
_aMilano _bJaca Book; Paoline _c2005 |
||
| 300 |
_a62 p. [10 v.] _c31 cm |
||
| 490 | _v 3° | ||
| 501 | _aEdizioni San Paolo srl - Piazza Soncino, 5 - 20092 CINISELLO BALSAMO (MI) (non commercial uses only) ® Copyright 2018 | ||
| 520 | _aIll. | ||
| 942 | _cBK | ||
| 957 | _71 | ||
| 999 |
_a8813 _bNO _g Copie: 1 _c347452 _d347452 |
||